[Event "IECC KO-5052"]
[Site "IECC email"]
[Date "2006.05.08"]
[Round "?"]
[White "Stilman, Eduardo"]
[Black "Bol, Hans"]
[Result "1/2-1/2"]
[WhiteElo "1763"]
[BlackElo "1371"]
[PlyCount "90"]
[EventDate "2006.??.??"]
[EventType "match (corr)"]
[EventRounds "2"]
[SourceTitle "Corr 2020"]
[Source "ChessBase"]
[SourceDate "2019.09.30"]
[SourceVersion "1"]
[SourceVersionDate "2019.09.30"]
[SourceQuality "1"]
[WhiteTeam "Uruguay"]
[BlackTeam "Hungary"]
[WhiteTeamCountry "URU"]
[BlackTeamCountry "HUN"]

1. e4 c5 2. Nf3 Nc6 3. d4 cxd4 4. Nxd4 Nf6 5. Nc3 e5 6. Ndb5 d6 7. Bg5 a6 8. Na3 b5 9. Bxf6 gxf6 10. Nd5 f5 11. Bxb5 axb5 12. Nxb5 Ra4 13. Nbc7+ Kd7 14. 0-0 Rxe4 15. Qh5 Nd4 16. c3 Ne2+ 17. Kh1 Kc6 18. g3 Kb7 19. a4 Kb8 20. a5 Rc4 21. Qxe2 Rxc7 22. Nxc7 Qxc7 23. b4 h5 24. a6 h4 25. b5 Be6 26. Qf3 e4 27. Qe3 Bg7 28. Ra3 Qc5 29. Qxc5 dxc5 30. b6 e3 31. Kg1 e2 32. Re1 Bc4 33. f4 Bf6 34. Kf2 hxg3+ 35. hxg3 Re8 36. Rea1 Ka8 37. a7 Re7 38. Rc1 Rb7 39. Ra5 Rxb6 40. Rxc5 Be6 41. Kxe2 Kxa7 42. Ra5+ Kb7 43. Kd3 Bd8 44. Ra4 Rb2 45. Rc2 Rxc2 1/2-1/2

[Event "IECC M-5385"]
[Site "IECC email"]
[Date "2005.12.16"]
[Round "?"]
[White "Virgili, Alberto"]
[Black "Bol, Hans"]
[Result "0-1"]
[WhiteElo "1150"]
[BlackElo "1000"]
[PlyCount "34"]
[EventDate "2005.??.??"]
[EventType "tourn (corr)"]
[EventRounds "10"]
[SourceTitle "Corr 2008"]
[Source "ChessBase"]
[SourceDate "2008.06.24"]
[SourceVersion "1"]
[SourceVersionDate "2008.06.24"]
[SourceQuality "1"]

1. e4 e5 2. Nf3 Nc6 3. Bc4 Nf6 4. Ng5 Bc5 5. Nxf7 Bxf2+ 6. Kxf2 Nxe4+ 7. Kg1 Qh4 8. g3 Nxg3 9. Nxh8 Nd4 10. Nc3 d5 11. Nxd5 Ne4 12. Nxc7+ Kd8 13. Qf1 Qg4+ 14. Qg2 Qd1+ 15. Bf1 Nf3+ 16. Qxf3 Qxf3 17. Nxa8 Qf2# 0-1